| 000 | 01274nam0a22002771 4500 | ||
|---|---|---|---|
| 001 | rc\3580620 | ||
| 005 | 20250610074633.0 | ||
| 021 |
_aRU _b[73-9357] |
||
| 035 | _a(NLR Aleph) 007804245 | ||
| 090 |
_a7692736 _c7692736 |
||
| 100 | _a20130115d1972 |||y0rusy50 ca | ||
| 101 | 0 | _arus | |
| 102 | _aRU | ||
| 105 | _ay z ||||| | ||
| 200 | 1 |
_aПланирование - центральное звено управления социалистическим сельскохозяйственным производством _e(Материал в помощь руководителям экон. школ совхозов) _fОтд. пропаганды и агитации Ом. обкома КПСС |
|
| 210 |
_aОмск _cБ. и. _d1972 |
||
| 215 |
_a25 с. _d20 |
||
| 300 | _aПеред загл. авт.: канд. экон. наук С.С. Петяев | ||
| 320 | _aСписок лит. в конце книги | ||
| 606 |
_aСельскохозяйственные предприятия _xПланирование _jМатериалы для политзанятий _2psbo |
||
| 700 | 1 |
_aПетяев _bС.С. _gСергей Сергеевич |
|
| 801 | 0 |
_aRU _bNLR _gpsbo |
|
| 801 | 1 |
_aRU _bELAR _2rusmarc |
|
| 852 |
_aNLR _j72-4/38845 |
||
| 942 | _cBOOK | ||
| 980 | _aNB | ||